MICROSOFT C# LANGUAGE SPECIFICATIONS/ (Record no. 47752)

MARC details
000 -LEADER
fixed length control field 00377pam a2200169 a 4500
020 ## - INTERNATIONAL STANDARD BOOK NUMBER
Terms of availability
041 ## - LANGUAGE CODE
Language code of original
082 ## - DEWEY DECIMAL CLASSIFICATION NUMBER
Classification number 005.13
Item number MIC
100 ## - MAIN ENTRY--PERSONAL NAME
Personal name MICROSOFT.
245 ## - TITLE STATEMENT
Title MICROSOFT C# LANGUAGE SPECIFICATIONS/
Medium Textual Documents
250 ## - EDITION STATEMENT
Edition statement 01-01-2001.
260 ## - PUBLICATION, DISTRIBUTION, ETC.
Name of publisher, distributor, etc. WP PUBLISHER
300 ## - PHYSICAL DESCRIPTION
Extent XIX/411
500 ## - GENERAL NOTE
General note 4934
653 ## - INDEX TERM--UNCONTROLLED
Uncontrolled term PROGRAMMING LANGUAGE
930 ## - EQUIVALENCE OR CROSS-REFERENCE-UNIFORM TITLE HEADING [LOCAL, CANADA]
Uniform title 4527
Holdings
Withdrawn status Lost status Damaged status Not for loan Collection Home library Current library Shelving location Date acquired Source of acquisition Cost, normal purchase price Total Checkouts Full call number Barcode Date last seen Copy number Price effective from Koha item type
        EWP College of Engineering for Women, Pune College of Engineering for Women, Pune E-ROW-11:CUP-44 31/12/2002 COLLEGE BOOK DEPOT, 375.00   005.13 MIC EWP-4589 24/02/2023 1 24/02/2023 Book